| 000 | 00511nam a2200181Ia 4500 | ||
|---|---|---|---|
| 999 |
_c1293 _d1293 |
||
| 003 | OSt | ||
| 005 | 20210121113203.0 | ||
| 008 | 190216s9999||||xx |||||||||||||| ||und|| | ||
| 040 | _coclc | ||
| 082 |
_a581.15 _bSIN/C |
||
| 100 |
_aSinha, U _98327 |
||
| 245 | 0 |
_aCytogenetics, Plant Breeding And Evolution / _cU Sinha |
|
| 250 | _a2nd Ed. | ||
| 260 |
_bVikas Publishing House, _c1980. _aNew Delhi: |
||
| 300 | _a408p | ||
| 650 | _aBotany | ||
| 942 |
_cBK _2ddc _h581.15 _iSIN/C _k581.15 _mSIN/C |
||